00669nam a2200121Ia 4500008004100000020001800041082002100059245020200080260005100282300001100333650003400344700016900378120622s9999 xx 000 0 und d a968-837-447-4 aC 909 A881h 1985 aAtlas de historia universal contemporánea : cuarto año del bachillerato / Guillermina González de Lemoine, Elvira López Machorro, Rosa María Parcero López y Humberto Sánchez Córdova aMéxico : UNAM, Escuela Nacional Preparatoria a142 p. a1. HISTORIA UNIVERSAL - ATLAS aGonzález de Lemoine, Guillermina ; coaut. \ López Machorro, Elvira ; coaut. \ Parcero López, Rosa María ; coaut. \ Sánchez Córdova, Humberto ; coaut.Ì